Historia natural / (Registro nro. 11546)

Detalles MARC
000 -LIDER
fixed length control field 01263nam a22003257a 4500
001 - NÚMERO DE CONTROL
Identificador de número de control 1497
003 - IDENTIFICACDOR DE NÚMERO DE CONTROL
control field DO-SdBNP
005 - DATE AND TIME OF LATEST TRANSACTION
control field 20171110085454.0
007 - CAMPOS FIJOS DE DESCRIPCIÓN FÍSICA
fixed length control field 1497
008 - ELEMENTOS DE LONGITUD FIJA
fixed length control field 161012b1925 sp ||| 00| 0 spa d
040 ## - FUENTE DE CATALOGACIÓN
Agencia que crea de manera original el registro BPMSU
Idioma de catalogación spa
Agencia que realiza la transcripción BPMSU
082 #4 - NÚMERO DE CLASIFICACIÓN DECIMAL DE DEWEY
Classification number 508
Item number H673n
245 00 - MENCIÓN DE TITULO
Título Historia natural /
Mención de responsabilidad dirección de la obra Ángel Cabrera Latorre
250 ## - MENCIÓN DE EDICION
Mención de edición Edición Maribel Arrabal, Jaime Rovira.
260 ## - PUBLICACIÓN, DISTRIBUCIÓN, ETC. (PIE DE IMPRENTA)
Lugar de publicación, distribución, etc Barcelona :
Nombre del editor, distribuidor, etc. Oceano-Instituto Gallach,
Fecha de publicación, distribución, etc [19--]
300 ## - DESCRIPCIÓN FÍSICA
Extensión 6 v. :
Otros detalles físicos il. [col.], mapas ;
Dimensiones 30 cm.
500 ## - NOTA GENERAL
Nota general Incluye índice.
505 ## - NOTA DE CONTENIDO
Texto normalizado de contenido v.1. Vertebrados I -- v. 2 Vertebrados II ; Invertebrados I . -- v. 3 Invertebrados II. --v. 4 Vegetales I . -- v. 5 Vegetales II ;Geología I -- v. 6 Geología II ; Paleontología ; El origen de la vida.
650 #4 - ENCABEZAMIENTO DE MATERIA--TEMÁTICO
Término temático o nombre geográfico como elemento de entrada HISTORIA NATURAL
Subdivisión de forma ENCICLOPÉDIAS
650 ## - ENCABEZAMIENTO DE MATERIA--TEMÁTICO
Término temático o nombre geográfico como elemento de entrada VERTEBRADOS
Subdivisión de forma ENCICLOPEDIAS
650 #4 - ENCABEZAMIENTO DE MATERIA--TEMÁTICO
Término temático o nombre geográfico como elemento de entrada INVERTEBRADOS
Subdivisión de forma ENCICLOPÉDIAS
650 #4 - ENCABEZAMIENTO DE MATERIA--TEMÁTICO
Término temático o nombre geográfico como elemento de entrada BOTÁNICA
Subdivisión de forma ENCICLOPÉDIAS
650 #4 - ENCABEZAMIENTO DE MATERIA--TEMÁTICO
Término temático o nombre geográfico como elemento de entrada GEOLOGÍA
Subdivisión de forma ENCICLOPÉDIAS
650 #4 - ENCABEZAMIENTO DE MATERIA--TEMÁTICO
Término temático o nombre geográfico como elemento de entrada PALEONTOGÍA
Subdivisión de forma ENCICLOPÉDIAS
700 12 - ASIENTO SECUNDARIO -- NOMBRE PERSONAL
Nombre personal Prats Estivill, José María,
Mención de responsabilidad ed.
910 ## - VALIDACIÓN
Validación Validado. Control de calidad MFF
942 ## - ADDED ENTRY ELEMENTS (KOHA)
Source of classification or shelving scheme Dewey Decimal Classification
Koha item type Libros
945 ## - INFORMACIÓN DE PROCESAMIENTO LOCAL
Información de procesamiento local Invetariado extranjero / 2017 VM
956 ## - LOCAL ELECTRONIC LOCATION AND ACCESS (OCLC)
Nombre de host VMATEO
Número de acceso 10
Información de compresión 20161012
Trayectoria BPMSU
Nombre Electrónico 0069
Existencias
Withdrawn status Lost status Source of classification or shelving scheme Damaged status Not for loan Collection code Home library Current library Date acquired Source of acquisition Total Checkouts Full call number Barcode Date last seen Copy number Price effective from Koha item type
    Dewey Decimal Classification     Colección General Biblioteca Pública Metropolitana Salomé Ureña Biblioteca Pública Metropolitana Salomé Ureña 10/12/2016 Donado Fundación Economía y Desarrollo   508 H673n BPMET16100124 10/12/2016 v. 2 10/12/2016 Libros
    Dewey Decimal Classification     Colección General Biblioteca Pública Metropolitana Salomé Ureña Biblioteca Pública Metropolitana Salomé Ureña 10/12/2016 Donado Fundación Economía y Desarrollo   508 H673n BPMSU16100125 10/12/2016 v. 3 10/12/2016 Libros
    Dewey Decimal Classification     Colección General Biblioteca Pública Metropolitana Salomé Ureña Biblioteca Pública Metropolitana Salomé Ureña 10/12/2016 Donado Fundación Economía y Desarrollo   508 H673n BPMSU6100126 10/12/2016 v. 4 10/12/2016 Libros
    Dewey Decimal Classification     Colección General Biblioteca Pública Metropolitana Salomé Ureña Biblioteca Pública Metropolitana Salomé Ureña 10/12/2016 Donado Fundación Economía y Desarrollo   508 H673n BPMSU16100127 10/12/2016 v. 5 10/12/2016 Libros
    Dewey Decimal Classification     Colección General Biblioteca Pública Metropolitana Salomé Ureña Biblioteca Pública Metropolitana Salomé Ureña 10/12/2016 Donado Fundación Economía y Desarrollo   508 H673n BPMSU16100128 10/12/2016 v. 6 10/12/2016 Libros